000 00443nam a2200157 i 4500
001 32543
003 ES-MaACL
005 20230906154606.0
007 t|
008 030131s1959 sp ||||1| spa d
100 1 _aBerisal, Francisco.
_928028
245 1 0 _aAl asalto de la cara Norte /
_cFrancisco Berisal.
260 _aBilbao :
_bDesclée de Brouwer,
_c[1959]
300 _a178 p. :
_bil. ;
_c17 cm.
852 _aES-MaACL
_jC-18077
_bR.45956
999 _c32543
_d32543